00805cam a2200229 a 4500001000700000003000400007005001700011008004100028010001700069020004000086040001800126050002100144082002000165100002700185245005300212260003500265300003400300440006800334504006400402650002000466856008900486673996OSt20230929121449.0951215s1996 nyua b 001 0 eng  a 95051808  a0824796101 (hardcover : alk. paper) aDLCcDLCdDLC00aQA404b.L33 199600a515.2433bLAS/I1 aLasser, Rupert,d1948-10aIntroduction to Fourier series /cRupert Lasser. aNew York :bM. Dekker,cc1996. avii, 285 p. :bill. ;c24 cm. 0aMonographs and textbooks in pure and applied mathematics ;v199 aIncludes bibliographical references (p. 281-282) and index. 0aFourier series.423Publisher descriptionuhttp://www.loc.gov/catdir/enhancements/fy0647/95051808-d.html